| 000 | 00850nas a2200301 4500 | ||
|---|---|---|---|
| 001 | BR9705343 | ||
| 003 | BR-BrBNA | ||
| 005 | 20231205100627.0 | ||
| 007 | ta | ||
| 008 | 230509b bl.|||p| |||| 00| 00por d | ||
| 040 |
_aBR-BrBNA _bpor _cBiblioteca Nacional de Agricultura |
||
| 041 | _a(Pt) | ||
| 072 | _aL70 | ||
| 100 | 1 | _aSa, M.J.C. de | |
| 100 | 1 | _aRaiser, A.G. | |
| 100 | 1 | _aGodoy, C.L.B. de | |
| 100 | 1 | _aPellegrini, L.C. de | |
| 100 | 1 | _aPolydoro, A. da S. | |
| 100 | 1 | _aOliveira, R. de | |
| 100 | 1 | _aFranca, J.A. | |
| 245 | 1 | _aFixacao externa em fratura completa de metacarpo em potros | |
| 650 | _aPotro | ||
| 650 | _aFratura | ||
| 650 | _aCirurgia | ||
| 773 | 0 |
_tCiencia Rural (Brazil) _xISSN 0103-8478 _g(Jul-Aug 1997), v. 27(3) p. 429-433 _wBR9705343 |
|
| 909 |
_a202311 _bLúcia _c55 _dLúcia Elande |
||
| 942 |
_2AGRIS _n0 _cANA |
||
| 999 |
_c157097 _d157097 |
||